Making a choice of business strategy in international context diplomová práca

Gespeichert in:
Bibliographische Detailangaben
1. Verfasser: Sihelská, Martina
Körperschaft: Ekonomická univerzita v Bratislave. Ústav medzinárodných programov
Weitere Verfasser: Slávik, Štefan, 1955-
Format: Buch
Sprache:Englisch
Veröffentlicht: Bratislava 2012
Tags: Tag hinzufügen
Keine Tags, Fügen Sie das erste Tag hinzu!

MARC

LEADER 00000nam$a2200000$$$4500
001 0157639
005 20240318114516.2
041 0 |a eng 
044 |a SK 
245 1 0 |a Making a choice of business strategy in international context  |b diplomová práca  |c Martina Sihelská ; školiteľ: Štefan Slávik 
264 1 |a Bratislava  |c 2012 
300 |a 77 s. 
100 1 |a Sihelská, Martina 
700 1 |a Slávik, Štefan, 1955- 
710 2 |a Ekonomická univerzita v Bratislave. Ústav medzinárodných programov